ग्रामीण क्षेत्रों में स्वास्थ्य शिक्षा/ (Record no. 8365)
[ view plain ]
| 000 -LEADER | |
|---|---|
| fixed length control field | 00914 a2200169 4500 |
| 010 ## - LCCN (DPL NO) | |
| LC control number | HIN-81424 |
| 020 ## - INTERNATIONAL STANDARD BOOK NUMBER | |
| International Standard Book Number | 8178792532 |
| Terms of availability | 500.00 |
| 035 ## - SYSTEM CONTROL NUMBER | |
| System control number | HN-53770 |
| 037 ## - SOURCE OF ACQUISITION | |
| Source of stock number/acquisition | पु.प्र.अ.प्र/प्रका |
| 082 14 - DEWEY DECIMAL CLASSIFICATION NUMBER | |
| Classification number | 362.1091734 |
| 100 1# - MAIN ENTRY--PERSONAL NAME | |
| Personal name | उषा गोपाल |
| 245 1# - TITLE STATEMENT | |
| Title | ग्रामीण क्षेत्रों में स्वास्थ्य शिक्षा/ |
| Statement of responsibility, etc | उषा गोपाल |
| 260 ## - PUBLICATION, DISTRIBUTION, ETC. (IMPRINT) | |
| Place of publication, distribution, etc | नई दिल्ली |
| Name of publisher, distributor, etc | स्पोर्टस पब्लिकेशन्स |
| Date of publication, distribution, etc | 2005 |
| 270 ## - ADDRESS | |
| Address | 7/26, ग्राउण्ड फ्लोर, अंसारी रोड, दरियागंज |
| City | नई दिल्ली |
| Postal code | 110002 |
| Telephone number | (आफिस) 55749511, 55257538 (निवास) 27562163 (मो.) 9868028838 |
| 300 ## - PHYSICAL DESCRIPTION | |
| Extent | 266पृ |
| Dimensions | 22सेमी (सजिल्द) |
| 942 ## - ADDED ENTRY ELEMENTS (KOHA) | |
| Institution code [OBSOLETE] | dpl |
| Item type | Hindi Books |
| Source of classification or shelving scheme | Dewey Decimal Classification |
| Classification part | 362.1091734 |
| Call number suffix | उषागो |
| Withdrawn status | Lost status | Not for loan | Collection code | Home library | Current library | Source of acquisition | Cost, normal purchase price | Full call number | Barcode | Copy number | Cost, replacement price | Koha item type |
|---|---|---|---|---|---|---|---|---|---|---|---|---|
| Not For Loan | Non-fiction | D.B.Act.Division | D.B.Act.Division | DBAD/PUB | 500.00 | 362.1091734 उषागो | HN-53770 | 1 | 500.00 | Hindi Books |
